Quiz sul tennis - Statistics

Statistiche generali
  • Questo quiz è stato fatto 685 volte
  • Il punteggio medio è 13 su 20
Statistiche sulle risposte
Definizione Risposta % Corretto
Tra i Big Three, il re della terra rossa Rafael Nadal
98%
Il più "estetico" dei Big Three Roger Federer
98%
Il più vincente dei Big Three Novak Djokovic
97%
Primo italiano numero 1 al mondo ATP Jannik Sinner
96%
E a livello femminile? 3
93%
In uno Slam, a livello maschile, si gioca al meglio di quanti set? 5
92%
Tennista più giovane numero 1 al mondo Carlos Alcaraz
90%
Insieme ai Big Three formava i Fab Four Andy Murray
89%
La partita Isner-Mahut è la più lunga della storia. Quante ore durò? 11
79%
Quanti titoli Slam ha vinto in carriera Serena Williams? 23
70%
Acronimo della federazione che si occupa di tennis in Italia FITP
65%
Marca di racchetta più venduta a livello globale Babolat
59%
Colpo particolarmente spettacolare eseguito colpendo la pallina tra le gambe Tweener
58%
Oggetto da cui deriva il modo di conteggiare i punti Orologio
55%
Qual è la tennista italiana migliore di sempre (numero 4 WTA nel 2011)? Francesca Schiavone
46%
Così è chiamato il sistema di moviola che simula la traiettoria della pallina Occhio di falco
44%
Caratteristica che hanno solamente 7 tennisti tra i migliori 100 a livello ATP Rovescio a una mano
39%
Tennista con il 46% di vittorie contro i Big Three Dominic Thiem
28%
Il più giovane tennista ad aver mai vinto un titolo Slam Michael Chang
24%
Cosa non ha mai fatto Nadal in tutta la sua carriera? Rompere una racchetta
12%
Nessun quiz corrispondente trovato
Distribuzione punteggi
Percentuale di utenti per punteggio
Percentile per numero di risposta
I tuoi punteggi nel tempo
Non hai fatto questo quiz